CHL 2024/25 Teams - Statistics

General Stats
  • This quiz has been taken 11 times
  • The average score is 5 of 24
Answer Stats
Hint Answer % Correct
Switzerland Genève-Servette
50%
Czechia Sparta Praha
50%
Czechia Dynamo Pardubice
38%
Germany Eisbären Berlin
38%
Finland Ilves Tampere
38%
Switzerland Lausanne HC
38%
France Rouen Dragons
38%
United Kingdom Sheffield Steelers
38%
Finland Tappara Tampere
38%
Finland Lahti Pelicans
25%
Austria Red Bull Salzburg
25%
Sweden Skellefteå AIK
25%
Sweden Växjö Lakers
25%
Sweden Färjestad Karlstad
13%
Czechia Oceláři Třinec
13%
Denmark Sønderjyske Vojens
13%
Norway Storhamar Hamar
13%
Hungary Féhervár AV19
0%
Switzerland Fribourg-Gottéron
0%
Austria KAC Klagenfurt
0%
Germany Pinguins Bremerhaven
0%
Germany Straubing Tigers
0%
Poland Unia Oświęcim
0%
Switzerland ZSC Lions Zurich
0%
No matching quizzes found
Score Distribution
Percent of People with Each Score
Percentile by Number Answered
Your Score History
You have not taken this quiz